000 00491nam a2200181 a 4500
001 36854
005 20180714005601.0
008 140415s1993 mx 000 0 spa d
020 _a9688423211
041 _aspa
082 _a320.6
_bAGU
100 1 _aAGUILAR VILLANUEVA, LUIS F.
245 1 3 _aLA IMPLEMENTACION DE LAS POLITICAS
250 _a1a ed.
260 _aMEXICO :
_bPORRUA,
_c1993
300 _a471
650 1 4 _aCABILDEO
_xCIENCIAS POLITICAS
_xPOLITICA
_xTEORIA
999 _c36854
_d36854